স্বাধীনতা ( দ্বিতীয় খণ্ড ) / (Record no. 6065)
[ view plain ]
| 000 -LEADER | |
|---|---|
| fixed length control field | 00771nam a22001817a 4500 |
| 003 - CONTROL NUMBER IDENTIFIER | |
| control field | BUBTL |
| 008 - FIXED-LENGTH DATA ELEMENTS--GENERAL INFORMATION | |
| fixed length control field | 190515b xxu||||| |||| 00| 0 eng d |
| 020 ## - INTERNATIONAL STANDARD BOOK NUMBER | |
| International Standard Book Number | 984-70008-0016-9 |
| 082 ## - DEWEY DECIMAL CLASSIFICATION NUMBER | |
| Classification number | 954.92 / BHS |
| 100 ## - MAIN ENTRY--PERSONAL NAME | |
| 9 (RLIN) | 2335 |
| Personal name | ভূঁইয়া, কামরুল হাসান |
| 245 ## - TITLE STATEMENT | |
| Title | স্বাধীনতা ( দ্বিতীয় খণ্ড ) / |
| Statement of responsibility, etc. | কামরুল হাসান ভূঁইয়া |
| 260 ## - PUBLICATION, DISTRIBUTION, ETC. (IMPRINT) | |
| Place of publication, distribution, etc. | ঢাকা : |
| Name of publisher, distributor, etc. | সেন্টার ফর বাংলাদেশ লিবারেশন ওয়ার স্টাডিজ, |
| Date of publication, distribution, etc. | c2010. |
| 300 ## - PHYSICAL DESCRIPTION | |
| Extent | 128 p. : |
| Dimensions | 22 cm. |
| 650 #0 - SUBJECT ADDED ENTRY--TOPICAL TERM | |
| 9 (RLIN) | 1755 |
| Topical term or geographic name as entry element | মুক্তিযুদ্ধ |
| 856 ## - ELECTRONIC LOCATION AND ACCESS | |
| Password | 0 |
| Logon | 0 |
| Link text | Download |
| 942 ## - ADDED ENTRY ELEMENTS (KOHA) | |
| Source of classification or shelving scheme | |
| Koha item type | Books |
| Withdrawn status | Lost status | Source of classification or shelving scheme | Damaged status | Not for loan | Collection code | Permanent location | Current location | Shelving location | Date acquired | Inventory number | Total Checkouts | Full call number | Barcode | Date last seen | Copy number | Price effective from | Koha item type |
|---|---|---|---|---|---|---|---|---|---|---|---|---|---|---|---|---|---|
| Non-fiction | Bangladesh University of Business and Technology Library | Bangladesh University of Business and Technology Library | Fiction | 01/29/2015 | 19985 | 954.92 / BHS | BUBTL-200319985 | 05/15/2019 | C-1 | 05/15/2019 | Books |
